Exposición colectiva de tapiz español contemporáneo y experiencias textiles : Tarrasa, del 26 de junio al 31 de julio 1975 / Diputación Provincial de Barcelona, Museo Provincial Textil Tarrasa, del 26 de junio al 31 de julio 1975 / Diputación Provincial de Barcelona, Museo Provincial Textil
Descripción Física:
[62] p., [54] p. de làm., negre i col ; 21 cm
MARC
| LEADER | 00000nam a2200000Ia 4500 | ||
|---|---|---|---|
| 001 | 1833 | ||
| 008 | 160829s1975 xx 000 0 cat d | ||
| 080 | |a B-1-158 | ||
| 245 | |a Exposición colectiva de tapiz español contemporáneo y experiencias textiles : |b Tarrasa, del 26 de junio al 31 de julio 1975 / Diputación Provincial de Barcelona, Museo Provincial Textil | ||
| 260 | |a Tarrasa : |b [el Museo], |c 1975 | ||
| 300 | |a [62] p., [54] p. de làm., negre i col ; |c 21 cm | ||
| 650 | |a Tapissos |x Espanya |x S. XX |x Exposicions |9 28959 | ||
| 710 | 1 | |a Barcelona (Catalunya : Província). |b Diputació |9 52408 | |
| 710 | 2 | |a Museu Tèxtil de Terrassa |9 54997 | |
| 901 | |a Arxiu | ||
| 942 | |n 1 | ||
| 952 | |0 0 |1 0 |4 0 |6 B1158 |7 1 |9 44988 |a Arxiu |b Arxiu |d 2016-12-01 |l 0 |o B-1-158 |p 1833 |r 2016-12-01 00:00:00 |w 2016-12-01 |y ARXIU | ||
| 999 | |c 47591 |d 47591 | ||